Every word used in the formal names of the countries of the world - Statistics

General Stats
  • This quiz has been taken 4,834 times
    4,302 since last reset
  • The average score is 37 of 62
Answer Stats
Answer % Correct
of
98%
Republic
98%
Kingdom
93%
Democratic
92%
The
91%
the
91%
State
90%
People's
86%
United
85%
States
79%
and
76%
Islamic
76%
Czech
75%
French
75%
Italian
72%
Congo
70%
Federation
69%
Great
69%
Slovak
69%
America
68%
Lao
68%
Lebanese
68%
Mexican
68%
Russian
68%
Northern
66%
Britain
65%
Côte
65%
Ireland
65%
Federated
64%
Portuguese
64%
Gabonese
63%
Syrian
63%
Federal
62%
Kyrgyz
62%
Swiss
62%
Arab
59%
Cabo
58%
Principality
57%
d'Ivoire
56%
Argentine
53%
Commonwealth
52%
Duchy
50%
Sultanate
50%
China
49%
Hellenic
49%
Emirate
48%
Timor-Leste
48%
Grand
47%
Socialist
46%
Türkiye
43%
Confederation
38%
Togolese
36%
Independent
34%
Union
34%
Christopher
27%
Bolivarian
26%
Hashemite
25%
Federative
20%
Plurinational
20%
Darussalam
16%
Oriental
15%
Co-operative
12%
No matching quizzes found
Score Distribution
Percent of People with Each Score
Percentile by Number Answered
Your Score History
You have not taken this quiz since the last reset